| 000 | 00813nam a2200253 i 4500 | ||
|---|---|---|---|
| 001 | bg | ||
| 100 | 1 | _aKIDACKA, Izabela | |
| 245 | 1 | 0 |
_aFinanse zintegrowane credit-rating a ryzyko / _cIzabela Kidacka. |
| 260 |
_aSzczecin : _bWydawnictwo Naukowe Uniwersytetu Szczecińskiego, _c2006. |
||
| 300 |
_a194 s. : _bwykr. ; _c24 cm. |
||
| 490 | 1 |
_aRozprawy i Studia / Uniwersytet Szczeciński, _x0860-2751 ; _vt.(696) 622 |
|
| 500 | _aStreszcz. ang. | ||
| 504 | _aBibliogr. | ||
| 650 | 9 | _aRyzyko kredytowe | |
| 650 | 9 |
_aPapiery dłużne _xhandel |
|
| 830 | 0 |
_aRozprawy i Studia (Uniwersytet Szczeciński) ; _vt.(696) 622 |
|
| 020 | _a9788372415615 | ||
| 040 | _cBPK | ||
| 041 | 0 |
_apol _beng |
|
| 080 | _a336.76/.77 | ||
| 920 | _a978-83-7241-561-5 | ||
| 942 | _cKS | ||
| 008 | s pl f |000 0 pol | ||
| 999 |
_c53665 _d53665 |
||
| 856 |
_uhttp://koha.tu.koszalin.pl/cgi-bin/koha/opac-detail.pl?biblionumber=53665 _yKatalog online BPK |
||